[Event "4NCL Division 3 North"]
[Site "Bolton, ENG"]
[Date "2018.02.11"]
[Round "6.53"]
[White "Lyth, John D"]
[Black "Tarr, Steve F"]
[Result "1-0"]
[WhiteElo "1990"]
[BlackElo "1802"]
[PlyCount "119"]
[EventDate "2018.02.11"]
[WhiteTeam "Manchester Manticores 2"]
[BlackTeam "Shropshire 2"]

1. d4 d5 2. Nf3 Nf6 3. c4 c6 4. Nc3 dxc4 5. e3 Bf5 6. Bxc4 e6 7. O-O Bb4 8. Qe2
O-O 9. e4 Bg4 10. Rd1 Bxc3 11. bxc3 Qa5 12. e5 Nd5 13. Bd2 Nd7 14. Bd3 Qd8 15.
c4 Nc7 16. Rab1 b6 17. Be4 Nb8 18. Qd3 f5 19. exf6 Qxf6 20. Bxh7+ Kh8 21. Bg5
Bf5 22. Bxf6 Bxd3 23. Bxg7+ Kxh7 24. Bxf8 Bxc4 25. Rb2 Nd7 26. Bd6 Nd5 27. Rc1
b5 28. Nd2 N7b6 29. h3 Rc8 30. Rbc2 Nf6 31. Bc5 Bd5 32. f3 Rg8 33. Bxb6 axb6
34. Rxc6 Bxc6 35. Rxc6 Nd5 36. Kf2 Nf4 37. g4 Nxh3+ 38. Kg3 Ng5 39. Rxb6 Ra8
40. Rxb5 Rxa2 41. Rxg5 Rxd2 42. Re5 Rxd4 43. Rxe6 Kg7 44. g5 Kf7 45. Ra6 Kg7
46. f4 Rb4 47. Kg4 Rc4 48. Re6 Rb4 49. Kf5 Rb5+ 50. Re5 Rb7 51. Rd5 Rf7+ 52.
Kg4 Rb7 53. f5 Rb1 54. Rd7+ Kg8 55. Kh5 Rb6 56. f6 Ra6 57. Kg6 Ra8 58. Kh6 Ra1
59. Kg6 Ra8 60. Rh7 1-0

[Event "4NCL Division 3 North"]
[Site "Bolton, ENG"]
[Date "2018.02.11"]
[Round "6.54"]
[White "Bareford, Dominic"]
[Black "Hilton, Tim"]
[Result "1-0"]
[WhiteElo "1712"]
[BlackElo "1997"]
[PlyCount "69"]
[EventDate "2018.02.11"]
[WhiteTeam "Shropshire 2"]
[BlackTeam "Manchester Manticores 2"]

1. d4 Nf6 2. c4 Nc6 3. Nf3 e6 4. Nc3 Bb4 5. Qc2 d6 6. Bd2 Qe7 7. a3 Bxc3 8.
Bxc3 O-O 9. e3 e5 10. d5 Nb8 11. Nd2 a5 12. b4 Na6 13. Rb1 Bd7 14. Be2 c6 15.
e4 Rfe8 16. O-O cxd5 17. cxd5 Rac8 18. bxa5 Nc5 19. f3 Nh5 20. Bb5 Bxb5 21.
Rxb5 Nf4 22. Nc4 Ncd3 23. Bb4 Qc7 24. g3 Qxc4 25. Qxc4 Ne2+ 26. Kg2 Rxc4 27.
Rxb7 Nc5 28. Bxc5 Rxc5 29. a6 Ra5 30. a7 Nc3 31. Rc1 Rxa3 32. Rc7 g6 33. R1xc3
Rxc3 34. Rxc3 Kf8 35. Rb3 1-0

[Event "4NCL Division 3 North"]
[Site "Bolton, ENG"]
[Date "2018.02.11"]
[Round "6.55"]
[White "Jaques, Andrew"]
[Black "Ross, Stuart"]
[Result "1-0"]
[WhiteElo "1990"]
[BlackElo "1675"]
[PlyCount "63"]
[EventDate "2018.02.11"]
[WhiteTeam "Manchester Manticores 2"]
[BlackTeam "Shropshire 2"]

1. e4 c5 2. Nc3 Nc6 3. f4 g6 4. Nf3 Bg7 5. Bb5 Nd4 6. O-O Nxb5 7. Nxb5 d6 8. d3
Nf6 9. Qe1 O-O 10. Nc3 e5 11. fxe5 dxe5 12. Qh4 Ng4 13. Qxd8 Rxd8 14. h3 Nf6
15. Nxe5 Nxe4 16. Nxf7 Nxc3 17. bxc3 Bxc3 18. Nh6+ Kg7 19. Rb1 Rf8 20. Rxf8
Kxf8 21. Be3 b6 22. Rf1+ Kg7 23. Rf7+ Kh8 24. Rf8+ Kg7 25. Re8 Bd4 26. Bxd4+
Kxh6 27. Be3+ Kh5 28. Re5+ g5 29. Rxg5+ Kh6 30. Rg8+ Kh5 31. Kh2 Bb7 32. g4+
1-0

[Event "4NCL Division 3 North"]
[Site "Bolton, ENG"]
[Date "2018.02.11"]
[Round "6.56"]
[White "Peck, Windsor W A"]
[Black "Collins, Richard A"]
[Result "0-1"]
[WhiteElo "1555"]
[BlackElo "1900"]
[PlyCount "38"]
[EventDate "2018.02.11"]
[WhiteTeam "Shropshire 2"]
[BlackTeam "Manchester Manticores 2"]

1. d4 f5 2. Bg5 g6 3. Nc3 Bg7 4. e4 fxe4 5. Nxe4 d5 6. Nc5 Nf6 7. Bxf6 Bxf6 8.
c3 O-O 9. Bd3 Qd6 10. Nf3 b6 11. Nb3 Bg4 12. O-O Bxf3 13. gxf3 Nd7 14. Nd2 e5
15. Qb3 Kh8 16. c4 exd4 17. cxd5 Nc5 18. Qc2 Qf4 19. Kh1 Be5 0-1

[Event "4NCL Division 3 North"]
[Site "Bolton, ENG"]
[Date "2018.02.11"]
[Round "6.61"]
[White "Kanakova, Natalie"]
[Black "Baxter, Harold"]
[Result "1-0"]
[WhiteElo "2245"]
[BlackElo "1836"]
[PlyCount "84"]
[EventDate "2018.02.11"]
[WhiteTeam "Castleford Roses"]
[BlackTeam "Bradford DCA Knights C"]

1. e4 c5 2. Nf3 e6 3. d4 cxd4 4. Nxd4 a6 5. Nc3 Qc7 6. Bd3 Nf6 7. O-O Bc5 8.
Nb3 Ba7 9. Qe2 Nc6 10. Bd2 Ne5 11. Kh1 Neg4 12. f4 d6 13. Rae1 e5 14. fxe5 dxe5
15. Qf3 Be6 16. Bg5 h6 17. Bxf6 Nxf6 18. Nd5 Bxd5 19. exd5 O-O 20. Nd2 Rad8 21.
c4 Bd4 22. Ne4 Nxe4 23. Qxe4 g6 24. Qh4 Kh7 25. Rf3 f5 26. Rh3 Qg7 27. b4 e4
28. Bc2 Bc3 29. Rb1 Bf6 30. Qe1 Qc7 31. Bb3 Qe5 32. Re3 Bg5 33. Re2 Rfe8 34. c5
e3 35. Ba4 Rf8 36. d6 f4 37. Qf1 Bh4 38. Qf3 Qf5 39. Rf1 Qc8 40. Qe4 Bf2 41.
Bc2 Qg4 42. Qxb7+ Rf7 1-0

[Event "4NCL Division 3 North"]
[Site "Bolton, ENG"]
[Date "2018.02.11"]
[Round "6.62"]
[White "Bramson, Mike"]
[Black "Palecek, Peter"]
[Result "0-1"]
[WhiteElo "1843"]
[BlackElo "2262"]
[PlyCount "62"]
[EventDate "2018.02.11"]
[WhiteTeam "Bradford DCA Knights C"]
[BlackTeam "Castleford Roses"]

1. e4 e5 2. Nc3 Nf6 3. Bc4 Nxe4 4. Qh5 Nd6 5. Bb3 Be7 6. d3 O-O 7. Nf3 g6 8.
Qh3 c6 9. g4 Bf6 10. Bh6 Re8 11. Ne4 Nxe4 12. dxe4 d5 13. O-O-O Be6 14. Qg3 d4
15. h4 Bxb3 16. axb3 Nd7 17. Bd2 Nc5 18. Rde1 a5 19. h5 d3 20. hxg6 fxg6 21.
Rxh7 Kxh7 22. Qh3+ Kg8 23. Rh1 Qe7 24. g5 Bg7 25. Qh7+ Kf8 26. Nh4 Qe6 27.
Nxg6+ Kf7 28. Rh6 Rh8 29. Nxe5+ Qxe5 30. Qg6+ Kf8 31. Bc3 Qxg5+ 0-1

[Event "4NCL Division 3 North"]
[Site "Bolton, ENG"]
[Date "2018.02.11"]
[Round "6.63"]
[White "Abrahams, Daniel"]
[Black "Braham, Peter"]
[Result "1-0"]
[WhiteElo "2215"]
[BlackElo "1733"]
[PlyCount "63"]
[EventDate "2018.02.11"]
[WhiteTeam "Castleford Roses"]
[BlackTeam "Bradford DCA Knights C"]

1. c4 d6 2. g3 f5 3. d4 Nf6 4. Bg2 g6 5. Nf3 Bg7 6. O-O O-O 7. Nc3 c6 8. Rb1 a5
9. b3 Na6 10. e3 Rb8 11. Qe2 Bd7 12. Bb2 Nc7 13. Rfd1 b5 14. Ba1 b4 15. Na4 Qe8
16. Rbc1 Ne4 17. Nd2 Ng5 18. f4 Nf7 19. e4 e6 20. e5 dxe5 21. Nc5 g5 22. Kh1
Qe7 23. Qf2 Be8 24. Bb2 Kh8 25. a3 Nh6 26. h3 Nf7 27. axb4 axb4 28. Ra1 gxf4
29. gxf4 Bh6 30. Ra7 Nd8 31. Nf1 Rg8 32. Ne3 1-0

[Event "4NCL Division 3 North"]
[Site "Bolton, ENG"]
[Date "2018.02.11"]
[Round "6.64"]
[White "Clarke, Paul Rh"]
[Black "Kanak, Filip"]
[Result "0-1"]
[WhiteElo "1749"]
[BlackElo "1979"]
[PlyCount "78"]
[EventDate "2018.02.11"]
[WhiteTeam "Bradford DCA Knights C"]
[BlackTeam "Castleford Roses"]

1. d4 Nf6 2. Bf4 e6 3. e3 b6 4. Nf3 Bb7 5. Nbd2 Ne4 6. Nxe4 Bxe4 7. Bd3 f5 8.
Bxe4 fxe4 9. Ng5 Be7 10. Nxe4 O-O 11. Qg4 Nc6 12. c3 Kh8 13. Bg5 Rf5 14. Bxe7
Qxe7 15. O-O Raf8 16. f4 d6 17. Rf3 e5 18. fxe5 Rxf3 19. exd6 cxd6 20. gxf3 d5
21. Qg5 dxe4 22. Qxe7 Nxe7 23. fxe4 Rf3 24. Re1 Ng6 25. d5 Kg8 26. c4 Ne5 27.
b3 Kf7 28. Rf1 Kf6 29. Rf2 Rxf2 30. Kxf2 Nd3+ 31. Ke2 Nc5 32. b4 Nxe4 33. Kd3
Ke5 34. a4 g5 35. a5 h5 36. c5 bxc5 37. b5 Kxd5 38. b6 c4+ 39. Kc2 axb6 0-1

[Event "4NCL Division 3 North"]
[Site "Bolton, ENG"]
[Date "2018.02.11"]
[Round "6.65"]
[White "Lancaric, Tomas"]
[Black "Mahoney, Nicholas"]
[Result "1/2-1/2"]
[WhiteElo "1892"]
[BlackElo "1707"]
[PlyCount "40"]
[EventDate "2018.02.11"]
[WhiteTeam "Castleford Roses"]
[BlackTeam "Bradford DCA Knights C"]

1. d4 Nf6 2. c4 e6 3. Nc3 Bb4 4. a3 Bxc3+ 5. bxc3 c5 6. Nf3 h6 7. Bf4 cxd4 8.
cxd4 d5 9. e3 Nc6 10. Bd3 Qa5+ 11. Qd2 dxc4 12. Bxc4 Ne4 13. Qxa5 Nxa5 14. Bb5+
Bd7 15. Bxd7+ Kxd7 16. Ne5+ Ke7 17. Rc1 Rac8 18. O-O Nb3 19. Rxc8 Rxc8 20. f3
Ned2 1/2-1/2

[Event "4NCL Division 3 North"]
[Site "Bolton, ENG"]
[Date "2018.02.11"]
[Round "6.71"]
[White "Bak, Andrew"]
[Black "Grindrod, John"]
[Result "1-0"]
[WhiteElo "1993"]
[BlackElo "1810"]
[PlyCount "100"]
[EventDate "2018.02.11"]
[WhiteTeam "Bradford DCA Knights B"]
[BlackTeam "Manchester Manticores 4"]

1. e4 e6 2. d4 d5 3. Nc3 Nf6 4. e5 Nfd7 5. f4 a6 6. Nf3 c5 7. Be3 Nc6 8. Qd2 h6
9. Qf2 Qb6 10. Nd1 cxd4 11. Nxd4 Nxd4 12. Bxd4 Bc5 13. c3 Bxd4 14. cxd4 Qb4+
15. Nc3 Nb8 16. O-O-O Bd7 17. h4 Nc6 18. Rh3 Ne7 19. h5 O-O-O 20. g4 Kb8 21.
Kb1 Rc8 22. Ka1 Rhf8 23. Rf3 Qa5 24. f5 exf5 25. gxf5 Bxf5 26. Qg3 Be6 27. Qxg7
Nf5 28. Qg1 Rg8 29. Qf2 Rg5 30. Bh3 Ng7 31. Rg1 Qd8 32. Bxe6 fxe6 33. Rf6 Rf5
34. Qe3 Rxf6 35. exf6 Qxf6 36. a3 Nxh5 37. Rh1 Qg6 38. Qe5+ Ka7 39. Qxh5 Qd3
40. Rd1 Qe3 41. Qe2 Qh3 42. Na4 b6 43. Nc3 h5 44. Rd3 Qf5 45. Rf3 Qg6 46. Qe5
Qe8 47. Rf6 Rc6 48. Nxd5 Rc1+ 49. Ka2 Qc6 50. Rf7+ Ka8 1-0

[Event "4NCL Division 3 North"]
[Site "Bolton, ENG"]
[Date "2018.02.11"]
[Round "6.72"]
[White "Newell, David F"]
[Black "Patrick, David A"]
[Result "1/2-1/2"]
[WhiteElo "1772"]
[BlackElo "1887"]
[Annotator "Barnes,Lara"]
[PlyCount "88"]
[EventDate "2018.02.11"]
[WhiteTeam "Manchester Manticores 4"]
[BlackTeam "Bradford DCA Knights B"]

1. Nf3 d5 2. c4 c6 3. g3 Nf6 4. Bg2 g6 5. b3 Bg7 6. Bb2 O-O 7. O-O Qb6 8. Qc1
Bg4 9. Nc3 dxc4 10. bxc4 Nbd7 11. d3 Rfe8 12. Rb1 Qa6 13. h3 Bxf3 14. Bxf3 e5
15. Ba3 Nf8 16. Bxf8 Bxf8 17. Qb2 Rab8 18. Qc2 Red8 19. a4 Ne8 20. Rb2 Ng7 21.
Rfb1 Ne6 22. Qd2 Nd4 23. Bg2 Bg7 24. Na2 Bf8 25. Nb4 Qa5 26. e3 Ne6 27. Qc2 Qc7
28. Ra1 a5 29. Na2 Rd7 30. Nc3 Rbd8 31. Ne4 Be7 32. Bf1 f5 33. Nc3 f4 34. Ne4
fxg3 35. Nxg3 Ng5 36. Bg2 Rc8 37. Rba2 Bb4 38. Rd1 Rf7 39. Rf1 Qd7 40. Kh2 Nf3+
41. Bxf3 Rxf3 42. Qe2 e4 43. dxe4 Rcf8 {scoresheet unreadable...possibly one
of these lines!} (43... Bd6 44. Rd2 Qc7 45. Rxd6 Qxd6 46. Kg2 h5 47. Nf5 Rxf5
48. exf5) (43... Rff8 44. f3 Bd6 45. Rd2 Qc7 46. Rxd6 Qxd6 47. Kg2 h5) 44. Rd2
Qc7 1/2-1/2

[Event "4NCL Division 3 North"]
[Site "Bolton, ENG"]
[Date "2018.02.11"]
[Round "6.73"]
[White "Dean, Robert A"]
[Black "Gawne, Martin"]
[Result "1-0"]
[WhiteElo "1848"]
[BlackElo "1817"]
[PlyCount "95"]
[EventDate "2018.02.11"]
[WhiteTeam "Bradford DCA Knights B"]
[BlackTeam "Manchester Manticores 4"]

1. e4 e6 2. d4 d5 3. Nd2 c5 4. exd5 exd5 5. Bb5+ Bd7 6. Qe2+ Be7 7. dxc5 Nf6 8.
Ngf3 O-O 9. O-O Bxc5 10. Bxd7 Nbxd7 11. Nb3 Bb6 12. c3 Re8 13. Qd3 Ne5 14. Nxe5
Rxe5 15. Bf4 Re6 16. Rad1 h6 17. Bg3 Qd7 18. Nd4 Re4 19. Nb5 Qc6 20. Nd6 Re6
21. Nf5 Qa4 22. a3 Ne4 23. Nd4 Nxg3 24. hxg3 Re4 25. Nf5 Rd8 26. Nh4 Qe8 27.
Nf3 Qe6 28. Rd2 Qg4 29. Qb5 Qe6 30. Rfd1 a6 31. Qb3 Rc4 32. Re1 Qf6 33. Rde2
Rc7 34. Qc2 g6 35. Qb3 Qc6 36. Ne5 Qd6 37. Ng4 Kg7 38. Re5 Bc5 39. Re8 Rxe8 40.
Rxe8 Qd7 41. Rg8+ Kxg8 42. Nf6+ Kg7 43. Nxd7 Rxd7 44. Qa4 Rd6 45. Qa5 Rc6 46.
b4 Be7 47. Qxd5 Rxc3 48. Qxb7 1-0

[Event "4NCL Division 3 North"]
[Site "Bolton, ENG"]
[Date "2018.02.11"]
[Round "6.74"]
[White "Livesey, R Nigel"]
[Black "Holliday, John K"]
[Result "1/2-1/2"]
[WhiteElo "1780"]
[BlackElo "1885"]
[PlyCount "34"]
[EventDate "2018.02.11"]
[WhiteTeam "Manchester Manticores 4"]
[BlackTeam "Bradford DCA Knights B"]

1. c4 Nf6 2. g3 g6 3. Bg2 Bg7 4. Nc3 c6 5. Nf3 O-O 6. O-O d6 7. d4 Nbd7 8. b3
e5 9. dxe5 Nxe5 10. Nxe5 dxe5 11. Ba3 Re8 12. Qxd8 Rxd8 13. Rad1 Be6 14. Na4
Nd7 15. Nc5 Nxc5 16. Bxc5 Bf8 17. Bxf8 Kxf8 1/2-1/2

[Event "4NCL Division 3 North"]
[Site "Bolton, ENG"]
[Date "2018.02.11"]
[Round "6.75"]
[White "Adam, David W"]
[Black "Bridgeman, Niamh"]
[Result "0-1"]
[WhiteElo "1846"]
[BlackElo "1697"]
[PlyCount "42"]
[EventDate "2018.02.11"]
[WhiteTeam "Bradford DCA Knights B"]
[BlackTeam "Manchester Manticores 4"]

1. c4 f5 2. d3 Nf6 3. g3 e6 4. Bg2 Be7 5. Nc3 O-O 6. e4 fxe4 7. dxe4 Nc6 8.
Nge2 Qe8 9. O-O Ne5 10. Bf4 Nxc4 11. Bxc7 Nxb2 12. Qc2 Nc4 13. Nb5 d5 14. Nbd4
Qd7 15. Bf4 e5 16. exd5 b5 17. d6 Bb7 18. dxe7 Rfe8 19. Bxb7 Qxb7 20. Bxe5 Nxe5
21. Nf5 Nf3+ 0-1

[Event "4NCL Division 3 North"]
[Site "Bolton, ENG"]
[Date "2018.02.11"]
[Round "6.76"]
[White "Bridgeman, Matthew"]
[Black "Johnson, Paul A"]
[Result "1/2-1/2"]
[WhiteElo "1727"]
[BlackElo "1842"]
[PlyCount "37"]
[EventDate "2018.02.11"]
[WhiteTeam "Manchester Manticores 4"]
[BlackTeam "Bradford DCA Knights B"]

1. e4 d6 2. d4 Nf6 3. Nc3 Nbd7 4. f4 e5 5. Nf3 exd4 6. Qxd4 Be7 7. Bc4 O-O 8.
h3 c6 9. Be3 Qc7 10. O-O-O b5 11. Be2 Nb6 12. g4 Bd7 13. g5 Nh5 14. Rdg1 c5 15.
Nd5 cxd4 16. Nxc7 Rac8 17. Nxd4 Nxf4 18. Bxf4 Rxc7 19. Nxb5 1/2-1/2

[Event "4NCL Division 3 North"]
[Site "Bolton, ENG"]
[Date "2018.02.11"]
[Round "6.81"]
[White "Flynn, David"]
[Black "Ye, Kevin"]
[Result "1-0"]
[WhiteElo "1860"]
[BlackElo "1832"]
[PlyCount "73"]
[EventDate "2018.02.11"]
[WhiteTeam "Ashfield-Breadsall 2"]
[BlackTeam "3Cs 3"]

1. e4 e5 2. Nf3 Nc6 3. Bb5 a6 4. Ba4 Nf6 5. O-O Be7 6. Re1 b5 7. Bb3 O-O 8. h3
d6 9. c3 Na5 10. Bc2 c5 11. d4 Qc7 12. Nbd2 cxd4 13. cxd4 Bb7 14. d5 Rac8 15.
Bd3 Nc4 16. Nxc4 bxc4 17. Bf1 Nd7 18. g4 g6 19. Bh6 Rfe8 20. Rc1 Nb6 21. Nd2 g5
22. Qf3 Qd7 23. Qe3 Qd8 24. h4 f6 25. hxg5 fxg5 26. Nf3 Kf7 27. Nxg5+ Bxg5 28.
Bxg5 Qc7 29. Qh3 Kg8 30. Qh6 Rf8 31. Be3 Rf7 32. g5 Qd8 33. Bh3 Rf3 34. Bg4
Rxe3 35. Be6+ Kh8 36. Rxe3 Nd7 37. g6 1-0

[Event "4NCL Division 3 North"]
[Site "Bolton, ENG"]
[Date "2018.02.11"]
[Round "6.82"]
[White "Harman, George"]
[Black "Taylor, Robert P"]
[Result "1-0"]
[WhiteElo "1750"]
[BlackElo "1813"]
[PlyCount "75"]
[EventDate "2018.02.11"]
[WhiteTeam "3Cs 3"]
[BlackTeam "Ashfield-Breadsall 2"]

1. e4 Nc6 2. Nf3 f5 3. exf5 d5 4. d4 Bxf5 5. Bd3 Bxd3 6. Qxd3 Nf6 7. O-O g6 8.
c3 Bg7 9. Bf4 O-O 10. Nbd2 Qd7 11. Rfe1 Rae8 12. h3 Nh5 13. Bh2 Nf4 14. Bxf4
Rxf4 15. Qe3 Rf6 16. Nb3 b6 17. Re2 e5 18. dxe5 Rfe6 19. Nbd4 R6e7 20. Nxc6
Qxc6 21. Nd4 Qd7 22. f4 c5 23. Nc2 Bh6 24. Rd1 Qa4 25. b4 cxb4 26. Rd4 Rxe5 27.
Qxe5 Rxe5 28. fxe5 Qxa2 29. Rxb4 Qa6 30. Rf2 Qd3 31. Rd4 Qxc3 32. Rxd5 Qc7 33.
e6 Bf4 34. Rd7 Qe5 35. Rxa7 Bg3 36. Rd2 Qc5+ 37. Kh1 Bh4 38. Rdd7 1-0

[Event "4NCL Division 3 North"]
[Site "Bolton, ENG"]
[Date "2018.02.11"]
[Round "6.83"]
[White "Hill, Maurice J"]
[Black "Griffiths, Gareth NR"]
[Result "1/2-1/2"]
[WhiteElo "1788"]
[BlackElo "1682"]
[PlyCount "63"]
[EventDate "2018.02.11"]
[WhiteTeam "Ashfield-Breadsall 2"]
[BlackTeam "3Cs 3"]

1. g3 d5 2. Nf3 c5 3. Bg2 Nc6 4. d4 cxd4 5. Nxd4 e5 6. Nxc6 bxc6 7. O-O h6 8.
c4 Nf6 9. Nc3 Be6 10. Qa4 Bd7 11. Rd1 d4 12. Ne4 Nxe4 13. Bxe4 Qb6 14. Qc2 Rb8
15. Rd3 c5 16. e3 Be7 17. exd4 cxd4 18. Rb3 Qc7 19. Rxb8+ Qxb8 20. a3 O-O 21.
Bd2 Rc8 22. b4 Bc6 23. c5 Qb7 24. Re1 Bxe4 25. Qxe4 Qxe4 26. Rxe4 f6 27. f4
Bxc5 28. bxc5 Rxc5 29. fxe5 fxe5 30. Kf2 Kf7 31. Ke2 Ke6 32. Kd3 1/2-1/2

[Event "4NCL Division 3 North"]
[Site "Bolton, ENG"]
[Date "2018.02.11"]
[Round "6.84"]
[White "Abbas, Ahmed C"]
[Black "Graham, Neil"]
[Result "1/2-1/2"]
[WhiteElo "1652"]
[BlackElo "1787"]
[PlyCount "35"]
[EventDate "2018.02.11"]
[WhiteTeam "3Cs 3"]
[BlackTeam "Ashfield-Breadsall 2"]

1. e4 e5 2. Nf3 Nf6 3. d4 exd4 4. e5 Ne4 5. Qxd4 d5 6. exd6 Nxd6 7. Bd3 Nc6 8.
Qf4 g6 9. O-O Bg7 10. Nc3 O-O 11. Re1 Be6 12. Be3 b6 13. Rad1 Qe7 14. Nd4 Nxd4
15. Bxd4 Bxd4 16. Qxd4 Ne8 17. Bb5 Nf6 18. Qa4 1/2-1/2

[Event "4NCL Division 3 North"]
[Site "Bolton, ENG"]
[Date "2018.02.11"]
[Round "6.85"]
[White "Gogia, Armaan"]
[Black "Gardiner, Ethan"]
[Result "1-0"]
[WhiteElo "1825"]
[BlackElo "1495"]
[PlyCount "113"]
[EventDate "2018.02.11"]
[WhiteTeam "Ashfield-Breadsall 2"]
[BlackTeam "3Cs 3"]

1. e4 e5 2. Nf3 Nc6 3. Bb5 a6 4. Ba4 Nf6 5. Qe2 b5 6. Bb3 Be7 7. c3 d6 8. h3
O-O 9. O-O Bb7 10. d3 Nb8 11. Be3 Nbd7 12. Rd1 c5 13. Nbd2 Qc7 14. g4 Nb6 15.
g5 Nfd7 16. d4 Qc8 17. d5 c4 18. Bc2 Nc5 19. Kh2 Nba4 20. Rab1 Qd7 21. Rg1 Bc8
22. Rg3 f6 23. g6 h6 24. Nh4 Qc7 25. Qh5 Rd8 26. Bxh6 gxh6 27. Qxh6 Bf8 28. g7
Bxg7 29. Rxg7+ Qxg7 30. Rg1 Qxg1+ 31. Kxg1 Rd7 32. Kh2 Bb7 33. Nf5 Nxb2 34.
Qg6+ Kf8 35. Qh6+ Kg8 36. Qg6+ Kf8 37. Qxf6+ Kg8 38. Ne7+ Rxe7 39. Qxe7 Rf8 40.
Qg5+ Kh7 41. Qh4+ Kg8 42. Qg3+ Kh8 43. Nf3 Nbd3 44. a3 Nxe4 45. Qh4+ Kg8 46.
Qg4+ Kh8 47. Qxe4 Rf7 48. Bxd3 cxd3 49. Qxd3 Bc8 50. Qg6 Rh7 51. Qe8+ Kg7 52.
Qxc8 Rxh3+ 53. Qxh3 a5 54. Qd7+ Kh8 55. Ng5 Kg8 56. Qf7+ Kh8 57. Qf8# 1-0

[Event "4NCL Division 3 North"]
[Site "Bolton, ENG"]
[Date "2018.02.11"]
[Round "6.86"]
[White "McGee, Peter"]
[Black "Lavelle, Terry"]
[Result "1-0"]
[WhiteElo "1352"]
[BlackElo "1560"]
[PlyCount "63"]
[EventDate "2018.02.11"]
[WhiteTeam "3Cs 3"]
[BlackTeam "Ashfield-Breadsall 2"]

1. d4 d5 2. c4 e6 3. Nc3 c5 4. cxd5 exd5 5. Nf3 Nc6 6. g3 Nf6 7. Bg2 Be7 8. O-O
O-O 9. dxc5 Bxc5 10. Bg5 Be6 11. Bxf6 gxf6 12. a3 Kh8 13. Qd2 Rg8 14. Nh4 Ne7
15. Rad1 Qd7 16. Ne4 dxe4 17. Qxd7 Bxd7 18. Rxd7 f5 19. b4 Rad8 20. Rxd8 Rxd8
21. bxc5 Rd2 22. e3 Kg7 23. Rb1 b6 24. cxb6 axb6 25. Rxb6 Ra2 26. Ra6 Rd2 27.
Bh3 Rd5 28. a4 Rd1+ 29. Kg2 Rd5 30. Rb6 Ra5 31. Rb5 Rxa4 32. Nxf5+ 1-0

[Event "4NCL Division 3 North"]
[Site "Bolton, ENG"]
[Date "2018.02.11"]
[Round "6.203"]
[White "Samuel Lares, Jairo"]
[Black "Combie, Alex B"]
[Result "0-1"]
[WhiteElo "2017"]
[BlackElo "1971"]
[PlyCount "122"]
[EventDate "2018.02.11"]
[WhiteTeam "Holmes Chapel"]
[BlackTeam "Ashfield-Breadsall 1"]

1. d4 Nf6 2. Nc3 d5 3. Bf4 e6 4. e3 Bb4 5. Bd3 c5 6. dxc5 Bxc5 7. Nf3 Bd6 8.
Bg3 a6 9. e4 dxe4 10. Nxe4 Nxe4 11. Bxe4 Bb4+ 12. c3 Qxd1+ 13. Rxd1 Be7 14. O-O
Nc6 15. Bxc6+ bxc6 16. Ne5 c5 17. Nc6 Bf6 18. Bd6 Bd7 19. Ne5 Bxe5 20. Bxe5 f6
21. Bd6 c4 22. Ba3 Bc6 23. Rfe1 Kf7 24. Rd4 Bd5 25. f4 f5 26. g4 fxg4 27. f5
Rhe8 28. Rf1 Kg8 29. f6 gxf6 30. Rxf6 Kg7 31. Rf2 h5 32. Bd6 Kg6 33. Rdf4 Bf3
34. Rxc4 Rad8 35. Rd2 e5 36. Rb4 Re6 37. Rb6 e4 38. Kf1 e3 39. Rd4 e2+ 40. Ke1
h4 41. Bc7 Rxb6 42. Bxb6 Rh8 43. Rf4 Rb8 44. Rb4 g3 45. hxg3 hxg3 46. Bd4 Rf8
47. Rb6+ Kg5 48. Rxa6 Bh5 49. Ra5+ Kh4 50. Rxh5+ Kxh5 51. Kxe2 Kg4 52. a4 Re8+
53. Kd3 Rd8 54. Kc4 Rxd4+ 55. cxd4 g2 56. a5 g1=Q 57. b4 Kf5 58. b5 Ke6 59. a6
Kd6 60. a7 Qa1 61. b6 Kc6 0-1

[Event "4NCL Division 3 North"]
[Site "Bolton, ENG"]
[Date "2018.02.11"]
[Round "6.206"]
[White "Somton, Anita"]
[Black "Doran, Chris"]
[Result "1/2-1/2"]
[WhiteElo "1967"]
[BlackElo "1972"]
[PlyCount "68"]
[EventDate "2018.02.11"]
[WhiteTeam "Ashfield-Breadsall 1"]
[BlackTeam "Holmes Chapel"]

1. e4 c5 2. Nc3 g6 3. f4 Bg7 4. Nf3 Nc6 5. Bb5 Nd4 6. O-O Nxb5 7. Nxb5 d5 8.
exd5 a6 9. Nc3 Nf6 10. d4 c4 11. Qe2 b5 12. Re1 Bb7 13. f5 Nxd5 14. Bg5 O-O 15.
Rad1 Re8 16. fxg6 hxg6 17. Ne4 Qb6 18. Kh1 Rad8 19. Qf2 Nf6 20. Nxf6+ Bxf6 21.
Bxf6 Qxf6 22. c3 Rd5 23. Qg3 Rf5 24. Rf1 Kg7 25. Nd2 Rg5 26. Rxf6 Rxg3 27.
Rxf7+ Kxf7 28. hxg3 e5 29. Rf1+ Kg7 30. Re1 e4 31. Nf1 Kf6 32. Ne3 Ke6 33. Rf1
Re7 34. Kg1 Rf7 1/2-1/2

[Event "4NCL Division 3 North"]
[Site "Bolton, ENG"]
[Date "2018.02.11"]
[Round "6.209"]
[White "Pearson, Raymond"]
[Black "Truman, Richard G"]
[Result "1/2-1/2"]
[WhiteElo "1904"]
[BlackElo "1894"]
[PlyCount "142"]
[EventDate "2018.02.11"]
[WhiteTeam "Holmes Chapel"]
[BlackTeam "Ashfield-Breadsall 1"]

1. c4 Nf6 2. Nc3 d5 3. cxd5 Nxd5 4. g3 g6 5. Bg2 Nxc3 6. bxc3 Bg7 7. Rb1 Nc6 8.
Qa4 O-O 9. Ba3 Re8 10. h4 e5 11. h5 e4 12. hxg6 hxg6 13. Bc5 Qg5 14. Be3 Qa5
15. Qxa5 Nxa5 16. Rb4 Bf5 17. Bh3 b6 18. Bxf5 gxf5 19. Rh5 c5 20. Ra4 Re5 21.
Bf4 Rd5 22. g4 Rad8 23. Rxf5 Rxf5 24. gxf5 c4 25. f3 exf3 26. Nxf3 Rd5 27. e4
Rb5 28. Rb4 Rxb4 29. cxb4 Nc6 30. Bd6 b5 31. e5 Bf8 32. Bxf8 Kxf8 33. a3 Ke7
34. Ke2 f6 35. e6 Kd6 36. Ke3 a6 37. Ke4 Ne7 38. Nd4 Nd5 39. Ne2 Ne7 40. Nf4
Kc6 41. Ng6 Nc8 42. Kd4 Kd6 43. Nf4 Ne7 44. Ke4 Kc6 45. Nh5 Nd5 46. e7 Nxe7 47.
Nxf6 Kd6 48. Ne8+ Kd7 49. Ng7 Ng8 50. Ke5 Ke7 51. Ne6 Nf6 52. Nc5 Ng4+ 53. Kf4
Nh2 54. Ne4 Nf1 55. Kf3 Kf7 56. Kg2 Nxd2 57. Nxd2 Kf6 58. Kf3 Kxf5 59. Ke3 Ke5
60. Nb1 Kd5 61. Nc3+ Ke5 62. Ne4 Kd5 63. Nc5 a5 64. Nd7 axb4 65. axb4 c3 66.
Nb6+ Kc6 67. Nc8 Kd5 68. Kd3 c2 69. Ne7+ Ke6 70. Kxc2 Kxe7 71. Kd3 Kd7 1/2-1/2

[Event "4NCL Division 3 North"]
[Site "Bolton, ENG"]
[Date "2018.02.11"]
[Round "6.201"]
[White "Walker, Andrew N"]
[Black "Trueman, Glenn"]
[Result "1/2-1/2"]
[WhiteElo "2055"]
[BlackElo "1930"]
[PlyCount "30"]
[EventDate "2018.02.11"]
[WhiteTeam "Ashfield-Breadsall 1"]
[BlackTeam "Manchester Manticores 3"]

1. e4 c5 2. Nc3 e6 3. g3 d5 4. exd5 exd5 5. Bg2 Nf6 6. d3 d4 7. Qe2+ Be7 8. Ne4
Nxe4 9. dxe4 Bd7 10. Nf3 Qa5+ 11. Qd2 Qxd2+ 12. Bxd2 Nc6 13. O-O-O O-O-O 14.
Bf4 h6 15. h4 Bg4 1/2-1/2

[Event "4NCL Division 3 North"]
[Site "Bolton, ENG"]
[Date "2018.02.11"]
[Round "6.204"]
[White "Tyton, Adam"]
[Black "Naylor, Michael A"]
[Result "1/2-1/2"]
[WhiteElo "1877"]
[BlackElo "1982"]
[PlyCount "43"]
[EventDate "2018.02.11"]
[WhiteTeam "Manchester Manticores 3"]
[BlackTeam "Ashfield-Breadsall 1"]

1. e4 e5 2. Nf3 Nc6 3. d4 exd4 4. Nxd4 Nf6 5. Nxc6 bxc6 6. Bd3 Bc5 7. O-O O-O
8. Bg5 d6 9. Nd2 Qe7 10. Nb3 Bb6 11. Qf3 Qe5 12. Bxf6 gxf6 13. c3 Be6 14. Nd2
Kh8 15. Nc4 Qg5 16. Nxb6 axb6 17. a3 Rg8 18. Rfe1 Rg7 19. Bf1 Rag8 20. g3 h5
21. Qe3 h4 22. Qxg5 1/2-1/2

[Event "4NCL Division 3 North"]
[Site "Bolton, ENG"]
[Date "2018.02.11"]
[Round "6.207"]
[White "Levens, David G"]
[Black "Lonsdale, Jon I"]
[Result "0-1"]
[WhiteElo "1942"]
[BlackElo "1855"]
[PlyCount "52"]
[EventDate "2018.02.11"]
[WhiteTeam "Ashfield-Breadsall 1"]
[BlackTeam "Manchester Manticores 3"]

1. e4 c5 2. Nf3 Nc6 3. d4 cxd4 4. Nxd4 e5 5. Nb5 d6 6. N1c3 a6 7. Na3 b5 8. Nd5
Nge7 9. Bg5 f6 10. Qh5+ g6 11. Nxf6+ Kf7 12. Qh4 h6 13. Nd5 hxg5 14. Qxh8 Qa5+
15. b4 Nxb4 16. Qf6+ Ke8 17. Bxb5+ axb5 18. O-O Nbxd5 19. exd5 Qxa3 20. f4 gxf4
21. Rae1 Qc5+ 22. Kh1 Rxa2 23. Rxf4 exf4 24. Qxg6+ Kd7 25. Qe6+ Kc7 26. Qf7
Qxc2 0-1